000 00845cam a22002651 4500
999 _c17817
_d17817
008 711124s1964 nyu b 000 0 eng
050 0 0 _aN6512
_b.T6 1964
100 1 _aToffler, Alvin.
245 1 4 _aThe culture consumers:
_ba study of art and affluence in America/
260 _aNew York:
_bSt. Martin's Press,
_c[1964]
300 _a263 p. :
_c22 cm.
504 _aBibliography: p. [243]-247.
650 0 _aArts, American.
650 0 _aArts and society
_zUnited States.
942 _2lcc
_cBOOKS
_hN6512 .T6 1964